000 00486cam a2200205ua 4500
001 3990
005 20260515113752.0
008 111212n ii |||gr||||Z||||||asm
020 _a81-7331-017-5
040 _cMAIN
082 _a891.4511
100 _aBarua, Hem,
245 1 1 _aHem Baruar kabita
_cby Hem Barua
250 _a2nd.
260 _aGuwahati:
_bLawyers book stall,994.
300 _a115p:
_c23cm.
653 _aAssamese poem
653 _aHem Baruar kabita
942 _cBK
999 _c3810
_d3810